ბათუმის შოთა რუსთაველის სახელმწიფო უნივერსიტეტის ბიბლიოთეკა

Курс высшей математики. Элементы высшей алгебры.Дифференциальное и интегральное исчисления. т.2 (ბიბ.ჩანაწერი № 38898)

000 -LEADER
fixed length control field 00826nam a2200217Ia 4500
001 - CONTROL NUMBER
control field 5313
003 - CONTROL NUMBER IDENTIFIER
control field GE_BSU
008 - FIXED-LENGTH DATA ELEMENTS--GENERAL INFORMATION
fixed length control field 181216s||||||||xx |||||||||||||| ||und||
040 ## - CATALOGING SOURCE
Transcribing agency GE_BSU
080 ## - UNIVERSAL DECIMAL CLASSIFICATION NUMBER
Universal Decimal Classification number 517(075.8)
100 ## - MAIN ENTRY--PERSONAL NAME
Personal name Власов, А.К.
245 ## - TITLE STATEMENT
Title Курс высшей математики. Элементы высшей алгебры.Дифференциальное и интегральное исчисления. т.2
245 ## - TITLE STATEMENT
Remainder of title Учеб. пособ. для вузов.
260 ## - PUBLICATION, DISTRIBUTION, ETC.
Place of publication, distribution, etc. Москва
260 ## - PUBLICATION, DISTRIBUTION, ETC.
Name of publisher, distributor, etc. Гостехиздат
260 ## - PUBLICATION, DISTRIBUTION, ETC.
Date of publication, distribution, etc. 1946
300 ## - PHYSICAL DESCRIPTION
Extent 530 с. 20 см.
653 ## - INDEX TERM--UNCONTROLLED
Uncontrolled term Курс высшей математики.
653 ## - INDEX TERM--UNCONTROLLED
Uncontrolled term Элементы высшей алгебры.Дифференциальное и интегральное исчисления.
942 ## - ADDED ENTRY ELEMENTS (KOHA)
Koha item type წიგნი
ეგზემპლარები
Withdrawn status Lost status Damaged status Not for loan Date acquired Barcode Date last seen Price effective from Koha item type Public note
        2018-12-17 16387 2018-12-17 2018-12-17 წიგნი დარბაზი